[Event "WY Boys-U14"]
[Site "Porto Carras GRE"]
[Date "2010.10.30"]
[Round "11.4"]
[White "Grib, Roman"]
[Black "Bortnik, Alexandr"]
[Result "1/2-1/2"]
[WhiteElo "2250"]
[BlackElo "2302"]
[WhiteFideId "13506706"]
[BlackFideId "14120828"]
[EventDate "2010.10.20"]

1. e4 Nf6 2. e5 Nd5 3. d4 d6 4. Nf3 dxe5 5. Nxe5 c6 6. Bc4 Nd7 7. Nf3 N7f6 8. h3
Bf5 9. O-O e6 10. Re1 Bd6 11. Nh4 Bg6 12. Nxg6 hxg6 13. Bf1 Qc7 14. c4 Ne7 15.
Be3 Nf5 16. Nc3 O-O-O 17. d5 Rh4 18. Bg5 Rd4 19. Qf3 exd5 20. cxd5 Rb4 21. Bxf6
gxf6 22. dxc6 Qxc6 23. Ne4 Kb8 24. Rac1 Qb6 25. Nxf6 Rxb2 26. Re8 Rxe8 27. Nd7+
Ka8 28. Nxb6+ axb6 29. Qd5 Bc5 30. Rxc5 bxc5 31. Qxf7 Nd6 32. Qxg6 Rb6 33. g3
Ka7 34. h4 Re1 35. Kg2 Ne4 36. Qg7 Rd6 37. Bb5 Rd2 38. Bc6 Rxf2+ 39. Kh3 Rh1+
40. Kg4 Nf6+ 41. Kg5 Rb1 42. Qe7 Rb6 43. Bxb7 Rxb7 44. Qxc5+ Rb6 45. Qe7+ Ka6
46. Qa3+ 1/2-1/2

[Event "WY Boys-U14"]
[Site "Porto Carras GRE"]
[Date "2010.10.30"]
[Round "11.7"]
[White "Laurusas, Tomas"]
[Black "Chu, Wei Chao"]
[Result "0-1"]
[WhiteElo "2291"]
[BlackElo "2075"]
[WhiteFideId "12803731"]
[BlackFideId "8605661"]
[EventDate "2010.10.20"]

1. d4 Nf6 2. c4 c5 3. d5 e6 4. Nc3 exd5 5. cxd5 d6 6. Nf3 g6 7. g3 Bg7 8. Bg2
O-O 9. O-O a6 10. a4 Nbd7 11. Bf4 Qe7 12. h3 Rb8 13. a5 b5 14. axb6 Nxb6 15. e4
Nfd7 16. Nd2 Ne5 17. Qe2 g5 18. Be3 g4 19. hxg4 Nxg4 20. Bf4 Bxc3 21. bxc3 Nxd5
22. Bxd6 Qxd6 23. exd5 f5 24. Rfb1 Rxb1+ 25. Rxb1 f4 26. Ne4 Qh6 27. Rb8 Qh2+
28. Kf1 Qh5 29. Rxc8 Nh2+ 30. Ke1 Qxe2+ 31. Kxe2 Rxc8 32. Bh3 Re8 33. Be6+ Kg7
34. gxf4 Ng4 35. Nxc5 Nf6 36. Kf3 a5 37. c4 Rd8 38. Ke3 h5 39. Kd4 h4 40. Bf5
Kf7 41. Kc3 Ke7 42. Nb7 Nxd5+ 43. Kd4 Rf8 44. Be4 Nxf4 45. Nxa5 h3 46. Nc6+ Kf6
47. Ke3 Ng2+ 48. Kf3 Rg8 49. Bd5 Rg5 50. Ke2 h2 51. f4 Nxf4+ 52. Kf2 0-1

[Event "WY Boys-U14"]
[Site "Porto Carras GRE"]
[Date "2010.10.30"]
[Round "11.8"]
[White "Flermoen, Peter"]
[Black "Berbatov, Kiprian"]
[Result "1/2-1/2"]
[BlackTitle "IM"]
[WhiteElo "2155"]
[BlackElo "2461"]
[WhiteFideId "1507303"]
[BlackFideId "2910446"]
[EventDate "2010.10.20"]

1. e4 c5 2. Nc3 d6 3. g3 g6 4. Bg2 Bg7 5. d3 Nc6 6. f4 e6 7. Nf3 Nge7 8. O-O O-O
9. Be3 b6 10. Bf2 Ba6 11. Qd2 Qd7 12. Rfd1 Rac8 13. Rac1 Rfd8 14. d4 cxd4 15.
Nxd4 Na5 16. b3 e5 17. Nde2 exf4 18. gxf4 Qc7 19. Bd4 Bxd4+ 20. Qxd4 Nac6 21.
Qf6 d5 22. exd5 Rd6 23. Qg5 Nb4 24. Qe5 Bxe2 25. Nxe2 Nbxd5 26. c4 Qc5+ 27. Kh1
Re6 28. cxd5 Rxe5 29. Rxc5 Rxe2 30. Rxc8+ Nxc8 31. Bf1 Re7 32. Kg2 Nd6 33. Rc1
Nf5 34. Kf3 Re3+ 35. Kf2 Re4 36. Rc4 Rxc4 37. bxc4 Kf8 38. Bd3 Nd6 39. Ke3 Ke7
40. Kd4 Nb7 41. Ke5 f6+ 42. Kd4 Nc5 43. Bc2 Kd6 44. h4 f5 45. h5 a6 46. a3 Nd7
47. hxg6 hxg6 48. Ba4 Nf6 49. Bc6 Nh5 50. Ke3 Nf6 51. Kd4 Ne4 52. Be8 g5 53.
fxg5 Nxg5 54. Bh5 f4 55. a4 a5 56. Bg4 Nf7 57. Ke4 Ne5 58. Be2 f3 59. Bxf3 Nxc4
60. Be2 1/2-1/2

[Event "WY Boys-U14"]
[Site "Porto Carras GRE"]
[Date "2010.10.30"]
[Round "11.9"]
[White "Drozdowski, Kacper"]
[Black "Harutyunian, Tigran K."]
[Result "1/2-1/2"]
[WhiteTitle "FM"]
[WhiteElo "2303"]
[BlackElo "2063"]
[WhiteFideId "1136720"]
[BlackFideId "13303635"]
[EventDate "2010.10.20"]

1. d4 d5 2. c4 e6 3. Nf3 Nf6 4. g3 dxc4 5. Bg2 c5 6. O-O Nbd7 7. Na3 Nb6 8. dxc5
Qxd1 9. Rxd1 Bxc5 10. Nb5 O-O 11. Ne5 a6 12. Nd6 Rd8 13. Be3 Bxe3 14. fxe3 Nbd5
15. Ndxc4 Rf8 16. e4 Ne7 17. Rac1 b5 18. Na5 Ra7 19. Rd6 Ne8 20. Rd8 Nf6 21. Rd6
Ne8 22. Rb6 f6 23. Nec6 Nxc6 24. Rcxc6 Nc7 25. Rc5 Bd7 26. Bh3 Kf7 27. e5 Rc8
28. exf6 gxf6 29. Nc6 Na8 30. Nxa7 Rxc5 31. Rxa6 Nc7 32. Rb6 Ke7 33. Bg2 Nd5 34.
Rb8 Rc2 35. Nxb5 Rxb2 36. a4 Nc3 37. Rh8 Nxb5 38. Rxh7+ Kd6 39. axb5 Rxe2 40. b6
Rb2 41. b7 f5 42. h4 e5 43. h5 e4 44. Rh8 Rxb7 45. h6 Rb1+ 46. Kf2 Rb2+ 47. Kg1
Rb1+ 48. Kf2 Rb2+ 49. Kg1 Rb1+ 1/2-1/2

[Event "WY Boys-U14"]
[Site "Porto Carras GRE"]
[Date "2010.10.30"]
[Round "11.10"]
[White "Amstadt, Aron"]
[Black "Nasuta, Grzegorz"]
[Result "1-0"]
[WhiteElo "2262"]
[BlackElo "2130"]
[WhiteFideId "736007"]
[BlackFideId "1141686"]
[EventDate "2010.10.20"]

1. d4 d5 2. c4 c6 3. Nf3 Nf6 4. e3 Bf5 5. Nc3 e6 6. Nh4 Be4 7. f3 Bg6 8. Nxg6
hxg6 9. Bd3 Bd6 10. f4 dxc4 11. Bxc4 Nbd7 12. Qf3 Nb6 13. Bb3 Nfd5 14. e4 Nxc3
15. bxc3 c5 16. Be3 Rc8 17. O-O Qc7 18. g4 Be7 19. Rae1 Rd8 20. Re2 c4 21. Bc2
Kd7 22. a4 Kc8 23. a5 Nd7 24. Ra1 Nb8 25. e5 Rd5 26. Be4 Rxa5 27. Bxb7+ Kd7 28.
Rb1 Rd8 29. f5 gxf5 30. gxf5 Ra3 31. Be4 Rb3 32. Reb2 Qb6 33. Rxb3 cxb3 34. Qd1
b2 35. Qc2 exf5 36. Bxf5+ Ke8 37. Rxb2 Qc7 38. e6 Bf6 39. exf7+ Kxf7 40. Qb3+
Kf8 41. Bg6 Nc6 42. Rf2 Na5 43. Rxf6+ gxf6 44. Bh6+ Ke7 45. Qf7+ Kd6 46. Bf4+ 1-0

[Event "WY Boys-U14"]
[Site "Porto Carras GRE"]
[Date "2010.10.30"]
[Round "11.11"]
[White "Lamard, Guillaume"]
[Black "Ynojosa, Felix Jose"]
[Result "0-1"]
[WhiteTitle "FM"]
[WhiteElo "2186"]
[BlackElo "2229"]
[WhiteFideId "600261"]
[BlackFideId "3900258"]
[EventDate "2010.10.20"]

1. g3 g6 2. Bg2 Bg7 3. e4 c5 4. Ne2 Nc6 5. c3 e5 6. d3 Nge7 7. Be3 d6 8. O-O O-O
9. d4 exd4 10. cxd4 Qb6 11. Nbc3 Nxd4 12. Nxd4 cxd4 13. Na4 Qb5 14. Bxd4 Bxd4
15. Qxd4 Nc6 16. Qd1 Be6 17. b3 Qb4 18. Qe1 Qa3 19. Qc1 Qb4 20. Rd1 Bg4 21. Rd5
Rac8 22. Qb2 b5 23. a3 Qa5 24. Nc3 Ne7 25. b4 Qa6 26. Bf1 Qb6 27. Qd2 Rxc3 28.
Qxc3 Nxd5 29. exd5 Rc8 30. Qd3 a6 31. a4 Bd7 32. a5 Qa7 33. Qd2 Bf5 34. Ra2 Qe7
35. h3 h5 36. Kh2 Qe5 37. f4 Qc3 38. Qf2 Qxb4 39. Qb6 h4 40. Qxa6 hxg3+ 41. Kxg3
Qb3+ 0-1

[Event "WY Boys-U14"]
[Site "Porto Carras GRE"]
[Date "2010.10.30"]
[Round "11.12"]
[White "Dastan, Batuhan"]
[Black "Gagare, Shardul"]
[Result "1-0"]
[BlackTitle "FM"]
[WhiteElo "2087"]
[BlackElo "2194"]
[WhiteFideId "6300014"]
[BlackFideId "5037883"]
[EventDate "2010.10.20"]

1. e4 c5 2. Nf3 g6 3. d4 cxd4 4. Qxd4 Nf6 5. e5 Nc6 6. Qa4 Nd5 7. Qe4 Nc7 8. Nc3
Bg7 9. Bf4 b5 10. Bxb5 Nxb5 11. Nxb5 Qb6 12. c4 a6 13. Nbd4 Bb7 14. Nxc6 Bxc6
15. Qc2 Bxf3 16. gxf3 O-O 17. O-O Rac8 18. Rad1 Qe6 19. b3 g5 20. Bxg5 Bxe5 21.
Qe4 Kh8 22. Kh1 Rg8 23. f4 f6 24. fxe5 Rxg5 25. f4 Rg4 26. Qd5 Qxd5+ 27. Rxd5
Rf8 28. exf6 Rxf6 29. Rxd7 e5 30. Rg1 Rfxf4 31. Rxg4 Rxg4 32. c5 Rg6 33. Re7 Rc6
34. Rxe5 Kg7 35. Rd5 Kf6 36. Kg2 Rc8 37. b4 Rb8 38. Rd6+ Ke5 39. Rb6 Ra8 40. Kf3
Kd5 41. a3 a5 42. Ke3 axb4 43. axb4 Ra3+ 44. Kf4 Rh3 45. Rd6+ Kc4 46. Rd1 Rc3
47. Ke5 Kxb4 48. Kd6 Kb5 49. Rb1+ Ka6 50. c6 Rd3+ 51. Ke7 Rc3 52. Kd7 Rd3+ 53.
Kc8 Rc3 54. c7 Ka7 55. Ra1+ Kb6 56. Kb8 Rxc7 57. Rb1+ Kc6 58. Rc1+ 1-0

[Event "WY Boys-U14"]
[Site "Porto Carras GRE"]
[Date "2010.10.30"]
[Round "11.13"]
[White "Girish, A. Koushik"]
[Black "Petrov, Nikita"]
[Result "0-1"]
[WhiteTitle "FM"]
[WhiteElo "2342"]
[BlackElo "2098"]
[WhiteFideId "5038448"]
[BlackFideId "4101286"]
[EventDate "2010.10.20"]

1. d4 e6 2. c4 b6 3. Nf3 Bb7 4. g3 Bb4+ 5. Bd2 Bxf3 6. exf3 Bxd2+ 7. Qxd2 d5 8.
Nc3 Nf6 9. f4 O-O 10. Bg2 c6 11. b3 Qe7 12. O-O Nbd7 13. Rad1 Rac8 14. Rfe1 Qb4
15. f5 exf5 16. Nxd5 Nxd5 17. cxd5 Qxd2 18. Rxd2 cxd5 19. Bxd5 Nf6 20. Bf3 Rfe8
21. Red1 Red8 22. d5 Rd6 23. Rd4 Kf8 24. Rc4 Rxc4 25. bxc4 Nd7 26. Kf1 Nc5 27.
Ke2 Ke7 28. Ke3 Rd7 29. Kd4 Kd6 30. Re1 Re7 31. Rxe7 Kxe7 32. Bd1 Kd6 33. Bc2 g6
34. f3 f6 35. h4 Ke7 36. h5 Kd6 37. h6 Nb7 38. g4 Nd8 39. gxf5 g5 40. Bd1 Nf7
41. f4 gxf4 42. Ke4 Nxh6 43. Kxf4 Kc5 44. Bh5 Ng8 45. Ke4 Ne7 46. Be2 Nc8 47. a3
Nd6+ 48. Kf4 b5 49. cxb5 Nxb5 50. Kg4 Nxa3 51. Bf3 Nb5 52. Kh5 Nc3 53. Kh6 a5
54. Kg7 a4 55. Kxf6 a3 56. Ke7 Nxd5+ 57. Bxd5 Kxd5 58. f6 a2 59. f7 a1=Q 60.
f8=Q Qa3+ 0-1

[Event "WY Boys-U14"]
[Site "Porto Carras GRE"]
[Date "2010.10.30"]
[Round "11.14"]
[White "Santos Latasa, Jaime"]
[Black "Navarrete Espi, Samuel"]
[Result "1/2-1/2"]
[WhiteElo "2263"]
[BlackElo "2024"]
[WhiteFideId "2293307"]
[BlackFideId "2237725"]
[EventDate "2010.10.20"]

1. e4 e5 2. Nf3 Nc6 3. d4 exd4 4. Nxd4 Nf6 5. Nxc6 bxc6 6. Bd3 d5 7. Nd2 Bd6 8.
O-O O-O 9. h3 Re8 10. Qf3 Qe7 11. exd5 Qe5 12. Qg3 Qh5 13. f4 Bc5+ 14. Kh1 cxd5
15. Qg5 Qxg5 16. fxg5 Nh5 1/2-1/2

[Event "WY Boys-U14"]
[Site "Porto Carras GRE"]
[Date "2010.10.30"]
[Round "11.15"]
[White "Kessler, Luca"]
[Black "Beradze, Irakli"]
[Result "0-1"]
[WhiteElo "2098"]
[BlackElo "2242"]
[WhiteFideId "1600087"]
[BlackFideId "13604597"]
[EventDate "2010.10.20"]

1. Nf3 d5 2. d4 c6 3. c4 e6 4. e3 Nf6 5. b3 Nbd7 6. Bb2 Bd6 7. Nbd2 Qe7 8. Ne5
Bc7 9. f4 Ba5 10. Bd3 Nxe5 11. fxe5 Ne4 12. Bxe4 Qh4+ 13. Kf1 dxe4 14. Kg1 f5
15. a3 O-O 16. b4 Bd8 17. Qe2 Bd7 18. c5 Bg5 19. Nc4 Be8 20. g3 Qh3 21. Qg2 Qh6
22. Qf2 Bh5 23. h4 Be7 24. Kf1 Rfb8 25. Ke1 Bf3 26. Rg1 b6 27. Kd2 bxc5 28. bxc5
Rb3 29. Bc3 Rab8 30. Kc2 R3b7 31. Nd6 Bxd6 32. cxd6 Qh5 33. Rge1 Qe8 34. a4 c5
35. dxc5 Qc6 36. Qd2 Qxc5 37. Reb1 Qc4 38. d7 Qd3+ 39. Qxd3 exd3+ 40. Kd2 Rxb1
41. Rxb1 Rd8 42. Bd4 Rxd7 43. Rb8+ Kf7 44. Kxd3 Kg6 45. Kd2 Kh5 46. Ke1 Kg4 47.
Kf2 Rc7 48. Rb2 a6 49. Rb6 Rc2+ 50. Ke1 Re2+ 51. Kf1 Kxg3 52. Rxa6 Rd2 0-1

[Event "WY Boys-U14"]
[Site "Porto Carras GRE"]
[Date "2010.10.30"]
[Round "11.16"]
[White "Usmanov, Vasily"]
[Black "Vasilyev, Vasily"]
[Result "1-0"]
[WhiteElo "2219"]
[BlackElo "1983"]
[WhiteFideId "4135741"]
[BlackFideId "24102180"]
[EventDate "2010.10.20"]

1. d4 Nf6 2. Nf3 e6 3. g3 Bb4+ 4. c3 Be7 5. Bg2 O-O 6. O-O c5 7. c4 d6 8. Nc3
Nc6 9. d5 Nb8 10. e4 Nbd7 11. Nd2 Ne5 12. Qe2 exd5 13. cxd5 Qb6 14. Nc4 Qa6 15.
Nxe5 Qxe2 16. Nxe2 dxe5 17. Nc3 a6 18. a4 b6 19. Rd1 Ne8 20. Be3 Nd6 21. b3 Bd7
22. a5 Rfb8 23. axb6 Rxb6 24. Rdb1 Rc8 25. Bf1 Bb5 26. Nxb5 axb5 27. b4 Nxe4 28.
Bg2 Nc3 29. bxc5 Rbb8 30. d6 Nxb1 31. Rxb1 Bf8 32. d7 Rc7 33. Rxb5 Rd8 34. c6
Bd6 35. Bb6 Rcxd7 36. cxd7 Rxd7 37. Ra5 Kf8 38. Bh3 1-0

[Event "WY Boys-U14"]
[Site "Porto Carras GRE"]
[Date "2010.10.30"]
[Round "11.17"]
[White "Bayramov, Elvin Shamil oglu"]
[Black "Wagner, Dennis"]
[Result "0-1"]
[WhiteElo "2006"]
[BlackElo "2166"]
[WhiteFideId "13406655"]
[BlackFideId "24650684"]
[EventDate "2010.10.20"]

1. e4 c5 2. c3 d5 3. exd5 Qxd5 4. d4 Nc6 5. Nf3 Bg4 6. Be2 cxd4 7. cxd4 e6 8.
Nc3 Bb4 9. O-O Qa5 10. Bd2 Nge7 11. a3 Bxc3 12. bxc3 O-O 13. Qb3 Qc7 14. Rac1
Rfd8 15. Rfd1 Rac8 16. h3 Na5 17. Qa4 Bxf3 18. Bxf3 Nd5 19. Be2 Nc4 20. Bxc4
Qxc4 21. Qxa7 b6 22. Bg5 f6 23. Bf4 Nxf4 24. Qxb6 Ne2+ 25. Kh1 Nxc1 26. Rxc1
Rxd4 27. Re1 Re4 28. Rd1 Qc7 29. Qb5 Qxc3 30. Qb1 Re2 31. Rf1 Rc2 32. Qb6 Rc1
33. Qxe6+ Kh8 34. Rxc1 Qxc1+ 35. Kh2 Qf4+ 36. g3 Qxf2+ 0-1